| 000 | 00680nam a22002057a 4500 | ||
|---|---|---|---|
| 005 | 20250722150222.0 | ||
| 010 | _aENG-146060 | ||
| 020 |
_c350.00 _a9788195832477 |
||
| 035 | _aEN-129592 | ||
| 037 | _bDBAD | ||
| 082 |
_a808.883 _21 |
||
| 100 |
_aMutalkar, Satish _983135 |
||
| 245 |
_aTravels with Nadighosh: _bDemystifying Krishna/ _cSatish Mutalkar [and] Yeshwant Marathe |
||
| 250 | _a1 | ||
| 260 |
_aMumbai _bPopular Prakashan _c2023 |
||
| 270 |
_a301, Mahalaxmi Chambers 22, Bhulabhai Desai Road _bMumbai _e400026 _mwww.popularprakashan.com |
||
| 300 |
_a160p. _c22cm(pb) |
||
| 700 |
_aYeshwant Marathe _eAuthor _983136 |
||
| 942 |
_2ddc _cEN _mMUT _h808.883 |
||
| 999 |
_c212461 _d212461 |
||